| 000 | nam a22 a 4500 | ||
|---|---|---|---|
| 999 |
_c56180 _d56180 |
||
| 003 | BLK | ||
| 005 | 20220621075323.0 | ||
| 008 | 180408b bul|||||r ||||||| ||bul|| | ||
| 010 | _aKNG00060159000 | ||
| 040 | _aBLK | ||
| 041 |
_aBUL _cBUL |
||
| 080 |
_b613.26/.29 _z613.26/.29 |
||
| 100 | 1 |
_aГенадиев, Асен П. _eпърви автор _9286690 |
|
| 139 |
_aАнализ на хранителните продукти _bА 64 |
||
| 245 | 1 | 0 |
_aАнализ на хранителните продукти _cАсен П. Генадиев. |
| 250 | _a2. прераб. изд. | ||
| 257 | _aBGR | ||
| 260 |
_bТехника _c1968 _aСофия |
||
| 300 |
_a696 с. _c19 см |
||
| 380 | _a61 | ||
| 500 | _aДруги авт.: Донка Н. Калчева, Ненчо М. Ненчев, Димитър Ив. Тевеклиев, Невена Ив. Чавдарова. | ||
| 504 | _aБиблиогр. с. 670-673 | ||
| 650 | 4 |
_aХранителни продукти - химичен състав и хранителни свойства _9253218 |
|
| 650 | 4 |
_aХрани - контрол _9286048 |
|
| 653 | _aхранителни продукти | ||
| 653 | _aанализи | ||
| 653 | _aконтрол на храните | ||
| 852 |
_aЦб 47716 _bЦб |
||
| 856 | 4 | _qpdf | |
| 856 | 4 | _qpdf | |
| 942 |
_cKNG _n0 _s1 |
||
| 944 |
_aCR _c13.06.2004 _kВиолета_Тройчева |
||
| 944 |
_aED _c04.07.2011 |
||
| 999 | _d56180 | ||